[Event "AUT-chT2W 1819"]
[Site "Austria"]
[Date "2019.02.08"]
[Round "6.1"]
[White "Spornberger, Andre"]
[Black "Koepke, Christian"]
[Result "0-1"]
[WhiteElo "2313"]
[BlackElo "2316"]
[PlyCount "88"]
[EventDate "2018.10.12"]
[EventType "team-tourn"]
[EventRounds "11"]
[EventCountry "AUT"]
[SourceTitle "CBM 189 Extra"]
[Source "ChessBase"]
[SourceDate "2019.06.03"]
[SourceVersion "1"]
[SourceVersionDate "2019.06.03"]
[SourceQuality "1"]
[WhiteTeam "Rochade Rum"]
[BlackTeam "Kufstein/Woergl"]
[WhiteTeamCountry "AUT"]
[BlackTeamCountry "AUT"]

1. d4 d5 2. Bf4 Nf6 3. e3 e6 4. Nf3 Bd6 5. Bg3 0-0 6. Nbd2 b6 7. c3 c5 8. Bd3 Bb7 9. 0-0 Bxg3 10. hxg3 Nc6 11. Rc1 Qe7 12. Qe2 e5 13. dxe5 Nxe5 14. Nxe5 Qxe5 15. Nf3 Qh5 16. Ba6 Bc6 17. Bb5 Bb7 18. Ba6 Bc6 19. Bb5 Rac8 20. a4 Rfd8 21. Rfd1 Rd6 22. c4 Bb7 23. cxd5 Bxd5 24. Nh4 Qe5 25. b4 Ne4 26. Qc2 Rcd8 27. bxc5 Nxc5 28. Qf5 Qe7 29. Qf4 g6 30. a5 Nb3 31. Rxd5 Nxc1 32. Re5 Qf6 33. axb6 Qxf4 34. gxf4 Rxb6 35. Bc4 Rc8 36. Bd5 Ne2+ 37. Kh2 Nc3 38. Bf3 Kf8 39. Bg4 Rc7 40. Ra5 Rb5 41. Ra6 Rb6 42. Ra1 Rb2 43. f5 Rxf2 44. Ra6 h5 0-1

[Event "Innsbruck op-A 1st"]
[Site "Innsbruck"]
[Date "2017.08.28"]
[Round "3"]
[White "Spornberger, Andre"]
[Black "Mirzoev, Azer"]
[Result "0-1"]
[WhiteElo "2355"]
[BlackElo "2535"]
[PlyCount "76"]
[EventDate "2017.08.25"]
[EventType "swiss"]
[EventRounds "9"]
[EventCountry "AUT"]
[SourceTitle "CBM 180 Extra"]
[Source "ChessBase"]
[SourceDate "2017.10.06"]
[SourceVersion "1"]
[SourceVersionDate "2017.10.06"]
[SourceQuality "1"]

1. d4 Nf6 2. Bf4 c5 3. e3 Qb6 4. Nc3 d6 5. a3 g6 6. Be2 Bg7 7. Nf3 0-0 8. 0-0 Bf5 9. Rb1 Na6 10. Re1 Rac8 11. h3 Nc7 12. Bd3 Be6 13. Bh2 Rfd8 14. Bf1 a6 15. a4 h6 16. Qd2 Qb4 17. Red1 Na8 18. d5 Bf5 19. Bd3 Bxd3 20. Qxd3 Nb6 21. b3 Nfd7 22. Ne2 c4 23. Qe4 Nf6 24. c3 Nxe4 25. cxb4 cxb3 26. a5 Rc2 27. axb6 Rxe2 28. Rxb3 Rc8 29. Bg3 f5 30. Ne1 Kf7 31. Nd3 g5 32. Nc1 Rd2 33. Re1 Rcc2 34. Rd3 Rxc1 35. Rxc1 Rxd3 36. Rc7 Nxg3 37. fxg3 Rxd5 38. Rxb7 Rb5 0-1

[Event "AUT-chT2W 1617"]
[Site "Austria"]
[Date "2017.03.05"]
[Round "11.3"]
[White "Scheiblmaier, Robert"]
[Black "Spornberger, Andre"]
[Result "0-1"]
[WhiteElo "2204"]
[BlackElo "2288"]
[PlyCount "96"]
[EventDate "2016.10.28"]
[EventType "team-tourn"]
[EventRounds "11"]
[EventCountry "AUT"]
[SourceTitle "CBM 177 Extra"]
[Source "ChessBase"]
[SourceDate "2017.04.27"]
[SourceVersion "1"]
[SourceVersionDate "2017.04.27"]
[SourceQuality "1"]
[WhiteTeam "Salzburg ASK"]
[BlackTeam "Rochade Rum"]
[WhiteTeamCountry "AUT"]
[BlackTeamCountry "AUT"]

1. d4 e6 2. g3 f5 3. Bg2 Nf6 4. Nf3 d5 5. 0-0 c6 6. c4 Bd6 7. Bf4 Bxf4 8. gxf4 0-0 9. Nbd2 Nbd7 10. e3 Ne4 11. Qc2 h6 12. Ne5 Nxe5 13. fxe5 Bd7 14. c5 Be8 15. f3 Nxd2 16. Qxd2 f4 17. exf4 Qh4 18. f5 Rxf5 19. f4 Bg6 20. Qf2 Qe7 21. Bh3 Rf7 22. Qg3 Bf5 23. Rf2 Raf8 24. Raf1 Kh8 25. Bxf5 Rxf5 26. Rg2 g5 27. h4 Rxf4 28. Rxf4 Rxf4 29. Qd3 Kg7 30. hxg5 hxg5 31. Rh2 Rh4 32. Rf2 Qe8 33. Qf3 Rf4 34. Qh3 Rxd4 35. Rf6 Rh4 36. Qxe6 Qxe6 37. Rxe6 Kf7 38. Rf6+ Ke7 39. Rg6 Rc4 40. Rxg5 Rc1+ 41. Kf2 Rc2+ 42. Ke3 Rxb2 43. Rg7+ Ke6 44. Kd4 Rb4+ 45. Kc3 a5 46. a3 Rc4+ 47. Kd3 Rxc5 48. Rxb7 Rc4 0-1

[Event "AUT-chT2W 1617"]
[Site "Austria"]
[Date "2017.01.21"]
[Round "7.1"]
[White "Dovzik, Juri"]
[Black "Spornberger, Andre"]
[Result "0-1"]
[WhiteElo "2283"]
[BlackElo "2288"]
[PlyCount "70"]
[EventDate "2016.10.28"]
[EventType "team-tourn"]
[EventRounds "11"]
[EventCountry "AUT"]
[SourceTitle "CBM 177 Extra"]
[Source "ChessBase"]
[SourceDate "2017.04.27"]
[SourceVersion "1"]
[SourceVersionDate "2017.04.27"]
[SourceQuality "1"]
[WhiteTeam "Ranshofen"]
[BlackTeam "Rochade Rum"]
[WhiteTeamCountry "AUT"]
[BlackTeamCountry "AUT"]

1. c4 e6 2. g3 f5 3. Bg2 Nf6 4. Nf3 d5 5. 0-0 c6 6. d3 dxc4 7. dxc4 Qxd1 8. Rxd1 Nbd7 9. Nc3 Bc5 10. Na4 Be7 11. b3 0-0 12. Bb2 Re8 13. Ne5 Bf8 14. Rd3 Nxe5 15. Bxe5 Nd7 16. Bc7 e5 17. Rad1 Nf6 18. Rd8 e4 19. Rxe8 Nxe8 20. Be5 Be6 21. f3 exf3 22. Bxf3 Nf6 23. Bd4 Rd8 24. e3 a6 25. Nc5 Bc8 26. Na4 Kf7 27. Bb6 Rxd1+ 28. Bxd1 Ne4 29. Bf3 Ke6 30. Bxe4 fxe4 31. Bd4 Kf5 32. Bc5 Bxc5 33. Nxc5 b6 34. Na4 b5 35. cxb5 axb5 0-1

[Event "AUT-chT2W 1617"]
[Site "Austria"]
[Date "2016.11.25"]
[Round "4.3"]
[White "Baenziger, Fabian"]
[Black "Spornberger, Andre"]
[Result "1-0"]
[WhiteElo "2327"]
[BlackElo "2288"]
[PlyCount "53"]
[EventDate "2016.10.28"]
[EventType "team-tourn"]
[EventRounds "11"]
[EventCountry "AUT"]
[SourceTitle "EXT 2018"]
[Source "ChessBase"]
[SourceDate "2017.10.13"]
[SourceVersion "1"]
[SourceVersionDate "2017.10.13"]
[SourceQuality "1"]
[WhiteTeam "Hohenems II"]
[BlackTeam "Rochade Rum"]
[WhiteTeamCountry "AUT"]
[BlackTeamCountry "AUT"]

1. e4 e6 2. d4 d5 3. Nc3 Bb4 4. exd5 exd5 5. Bd3 Nf6 6. a3 Be7 7. Qf3 0-0 8. h3 c6 9. Nge2 b6 10. 0-0 Ba6 11. Ng3 g6 12. Re1 Bxd3 13. cxd3 Re8 14. Bg5 Nfd7 15. Rxe7 Rxe7 16. Nxd5 cxd5 17. Bxe7 Qc8 18. Qxd5 Qc6 19. Qg5 f6 20. Qf4 Kf7 21. Re1 Na6 22. Ne4 Kg7 23. d5 Qxd5 24. Nxf6 Qxd3 25. Nxd7 Qxd7 26. Bf6+ Kg8 27. Re7 1-0

[Event "Ortisei Server24 op 3rd"]
[Site "Ortisei"]
[Date "2016.06.10"]
[Round "8"]
[White "Spornberger, Andre"]
[Black "Martinez, Ayelen"]
[Result "1/2-1/2"]
[WhiteElo "2307"]
[BlackElo "2146"]
[PlyCount "82"]
[EventDate "2016.06.04"]
[EventType "swiss"]
[EventRounds "9"]
[EventCountry "ITA"]
[SourceTitle "CBM 172 Extra"]
[Source "ChessBase"]
[SourceDate "2016.06.21"]
[SourceVersion "1"]
[SourceVersionDate "2016.06.21"]
[SourceQuality "1"]

1. d4 Nf6 2. c4 g6 3. Nc3 Bg7 4. e4 0-0 5. Nf3 d6 6. Be2 c5 7. d5 e6 8. 0-0 exd5 9. exd5 Bg4 10. Bf4 Re8 11. h3 Bxf3 12. Bxf3 Bf8 13. Re1 Nbd7 14. Rxe8 Nxe8 15. Ne4 Ndf6 16. Qd2 Nxe4 17. Bxe4 Bg7 18. Re1 Qd7 19. Bd3 Nc7 20. b3 Re8 21. Rxe8+ Nxe8 22. Qa5 b6 23. Qe1 Kf8 24. b4 cxb4 25. Qxb4 Qe7 26. Be3 Qe5 27. Qa4 Qe7 28. Qa6 Bc3 29. Bc2 Kg7 30. Ba4 Nf6 31. Bc6 Ne4 32. Qb7 Qxb7 33. Bxb7 Bb4 34. f3 Bc5 35. fxe4 Bxe3+ 36. Kf1 Kf6 37. Ke2 Bc5 38. a4 Ke5 39. Kf3 h5 40. Bc6 g5 41. Be8 Kf6 1/2-1/2

[Event "Ortisei Server24 op 3rd"]
[Site "Ortisei"]
[Date "2016.06.07"]
[Round "5"]
[White "De Eccher, Stefano"]
[Black "Spornberger, Andre"]
[Result "0-1"]
[WhiteElo "2211"]
[BlackElo "2307"]
[PlyCount "54"]
[EventDate "2016.06.04"]
[EventType "swiss"]
[EventRounds "9"]
[EventCountry "ITA"]
[SourceTitle "CBM 172 Extra"]
[Source "ChessBase"]
[SourceDate "2016.06.21"]
[SourceVersion "1"]
[SourceVersionDate "2016.06.21"]
[SourceQuality "1"]

1. e4 e6 2. d4 d5 3. Nc3 Bb4 4. Nge2 Nf6 5. e5 Nfd7 6. Qd3 b6 7. Qg3 g6 8. Bg5 Be7 9. h4 a6 10. 0-0-0 c5 11. f4 h5 12. Bxe7 Qxe7 13. f5 gxf5 14. Nf4 Bb7 15. Be2 cxd4 16. Rxd4 Nc6 17. Rdd1 Ncxe5 18. Bxh5 0-0-0 19. Be2 Rdg8 20. Qf2 Ng4 21. Bxg4 Rxg4 22. g3 Qc5 23. Qxc5+ bxc5 24. Rhg1 Rhg8 25. Nce2 Nf6 26. h5 Ne4 27. h6 Rh8 0-1

[Event "AUT-chT2W 1516"]
[Site "Austria"]
[Date "2015.10.18"]
[Round "3.2"]
[White "Hausner, Ivan"]
[Black "Spornberger, Andre"]
[Result "1/2-1/2"]
[WhiteElo "2332"]
[BlackElo "2108"]
[PlyCount "80"]
[EventDate "2015.10.16"]
[EventType "team-tourn"]
[EventRounds "11"]
[EventCountry "AUT"]
[SourceTitle "CBM 168 Extra"]
[Source "ChessBase"]
[SourceDate "2015.10.29"]
[SourceVersion "1"]
[SourceVersionDate "2015.10.29"]
[SourceQuality "1"]
[WhiteTeam "Zillertal"]
[BlackTeam "Rochade Rum"]
[WhiteTeamCountry "AUT"]
[BlackTeamCountry "AUT"]

1. c4 e6 2. g3 f5 3. Bg2 Nf6 4. Nf3 d5 5. d4 c6 6. Qc2 Bd6 7. Bf4 Bxf4 8. gxf4 0-0 9. Nbd2 Ne4 10. e3 Nd7 11. 0-0 Qe7 12. Rac1 Kh8 13. Ne5 Nxe5 14. fxe5 Bd7 15. Nxe4 fxe4 16. Qe2 Be8 17. f4 exf3 18. Rxf3 Bg6 19. Rxf8+ Rxf8 20. Rf1 Kg8 21. Rxf8+ Qxf8 22. cxd5 cxd5 23. Qb5 Qe7 24. Qc5 Qxc5 25. dxc5 Bf5 26. b4 Kf7 27. Kf2 Ke7 28. e4 Bxe4 29. Bxe4 dxe4 30. Ke3 Kd7 31. b5 a6 32. a4 axb5 33. axb5 g6 34. Kxe4 h6 35. Kd4 Kc7 36. Kc4 g5 37. Kd4 h5 38. Ke4 Kd7 39. Ke3 Kc7 40. Kd4 Kd7 1/2-1/2

[Event "Neckar op-A 19th"]
[Site "Deizisau"]
[Date "2015.04.02"]
[Round "1"]
[White "Heimann, Andreas"]
[Black "Spornberger, Andre"]
[Result "1/2-1/2"]
[WhiteElo "2536"]
[BlackElo "2108"]
[PlyCount "84"]
[EventDate "2015.04.02"]
[EventType "swiss"]
[EventRounds "9"]
[EventCountry "GER"]
[SourceTitle "CBM 165 Extra"]
[Source "ChessBase"]
[SourceDate "2015.04.21"]
[SourceVersion "1"]
[SourceVersionDate "2015.04.21"]
[SourceQuality "1"]

1. e4 e6 2. d4 d5 3. Nc3 Bb4 4. e5 c5 5. a3 Bxc3+ 6. bxc3 Qa5 7. Bd2 Qa4 8. Qb1 c4 9. h4 Ne7 10. h5 h6 11. g4 Nbc6 12. Bh3 Bd7 13. Ne2 0-0-0 14. Ng3 Rdf8 15. f4 f6 16. 0-0 b6 17. Qb2 f5 18. Kh2 Rhg8 19. Rg1 Be8 20. Rg2 g6 21. Rag1 gxh5 22. gxf5 exf5 23. Nf1 Rxg2+ 24. Rxg2 Nd8 25. Be1 Ne6 26. Rf2 Ng6 27. Ne3 Nexf4 28. Bxf5+ Bd7 29. Bxg6 Nxg6 30. Rxf8+ Nxf8 31. Nxd5 Ng6 32. Ne3 Qc6 33. Qb4 b5 34. d5 Qb6 35. Bf2 Nxe5 36. Qf8+ Kb7 37. Qe7 Qc7 38. Bg3 Nf3+ 39. Kh1 Qxg3 40. Qxd7+ Ka6 41. Qc6+ Ka5 42. Nxc4+ bxc4 1/2-1/2

[Event "Ortisei Server24 op 2nd"]
[Site "Ortisei"]
[Date "2013.06.06"]
[Round "6"]
[White "Spornberger, Andre"]
[Black "Popilski, Gil"]
[Result "0-1"]
[WhiteElo "2073"]
[BlackElo "2515"]
[PlyCount "58"]
[EventDate "2013.06.01"]
[EventType "swiss"]
[EventRounds "9"]
[EventCountry "ITA"]
[SourceTitle "CBM 154 Extra"]
[Source "ChessBase"]
[SourceDate "2013.06.25"]
[SourceVersion "2"]
[SourceVersionDate "2013.06.25"]
[SourceQuality "1"]

1. e4 d6 2. d4 Nf6 3. Nc3 e5 4. Nf3 Nbd7 5. Bc4 Be7 6. 0-0 Nb6 7. Bb3 exd4 8. Qxd4 0-0 9. h3 Nfd7 10. Bf4 Nc5 11. Rfe1 a5 12. Nd5 Nxd5 13. Bxd5 Ne6 14. Bxe6 fxe6 15. Qe3 e5 16. Bg3 Be6 17. Rad1 Qe8 18. b3 Qh5 19. Nd2 Rf7 20. Qc3 Bg5 21. Nf1 a4 22. Ne3 Raf8 23. Nd5 Bf4 24. Rf1 axb3 25. axb3 c6 26. Nb6 Bxg3 27. fxg3 Qe2 28. Rfe1 Qf2+ 29. Kh2 Rf3 0-1

[Event "Ortisei Server24 op 2nd"]
[Site "Ortisei"]
[Date "2013.06.04"]
[Round "4"]
[White "Spornberger, Andre"]
[Black "Meertens, Martin"]
[Result "0-1"]
[WhiteElo "2073"]
[BlackElo "2165"]
[PlyCount "68"]
[EventDate "2013.06.01"]
[EventType "swiss"]
[EventRounds "9"]
[EventCountry "ITA"]
[SourceTitle "CBM 154 Extra"]
[Source "ChessBase"]
[SourceDate "2013.06.25"]
[SourceVersion "2"]
[SourceVersionDate "2013.06.25"]
[SourceQuality "1"]

1. e4 d6 2. d4 g6 3. Nc3 Bg7 4. Be3 Nf6 5. h3 0-0 6. Nf3 a6 7. a4 b6 8. e5 Nfd7 9. e6 fxe6 10. Bd3 Nf6 11. h4 Nc6 12. h5 gxh5 13. Ne4 Nb4 14. Nxf6+ exf6 15. Rxh5 f5 16. Qd2 Nxd3+ 17. cxd3 Qe8 18. Rh2 c5 19. 0-0-0 cxd4 20. Bh6 Ra7 21. Rdh1 f4 22. Bxf4 e5 23. Bh6 Qxa4 24. Kb1 Be6 25. b4 Qb3+ 26. Ka1 Qa3+ 27. Kb1 Qb3+ 28. Ka1 a5 29. b5 Qa4+ 30. Kb1 Qxb5+ 31. Ka1 Qa4+ 32. Kb1 Qb3+ 33. Ka1 Rc8 34. Ne1 Rc5 0-1

[Event "Ortisei Server24 op 2nd"]
[Site "Ortisei"]
[Date "2013.06.03"]
[Round "3"]
[White "Cocchi, Andrea"]
[Black "Spornberger, Andre"]
[Result "1/2-1/2"]
[WhiteElo "2304"]
[BlackElo "2073"]
[PlyCount "127"]
[EventDate "2013.06.01"]
[EventType "swiss"]
[EventRounds "9"]
[EventCountry "ITA"]
[SourceTitle "CBM 154 Extra"]
[Source "ChessBase"]
[SourceDate "2013.06.25"]
[SourceVersion "2"]
[SourceVersionDate "2013.06.25"]
[SourceQuality "1"]

1. e4 e6 2. Qe2 c5 3. Nf3 Nc6 4. g3 Be7 5. Bg2 d5 6. d3 Nf6 7. 0-0 0-0 8. Re1 Nd4 9. Nxd4 cxd4 10. e5 Nd7 11. Nd2 b5 12. Nb3 Qb6 13. Qg4 Kh8 14. Qxd4 Qc7 15. c4 bxc4 16. dxc4 Nb6 17. cxd5 Nxd5 18. Bd2 Rb8 19. Rac1 Qd7 20. Nc5 Qb5 21. Nb3 Qd7 22. Red1 f6 23. Na5 fxe5 24. Qxe5 Rb5 25. Be1 Bf6 26. Qe2 Rxb2 27. Rc2 Ba6 28. Qe4 Rxc2 29. Qxc2 Rb8 30. Qc6 Qxc6 31. Nxc6 Rc8 32. Nxa7 Rc2 33. a4 Rc4 34. Bh3 Rxa4 35. Bxe6 Be2 36. Rc1 g6 37. Bd2 Ne7 38. Nc8 Ra6 39. Bb3 Ra3 40. Be6 Ra6 41. Bh3 Nxc8 42. Rxc8+ Kg7 43. Rc7+ Kg8 44. Kg2 Bd3 45. Bc8 Rc6 46. Rxc6 Be4+ 47. f3 Bxc6 48. Be6+ Kg7 49. Bf4 Bd4 50. g4 Bc3 51. Bc4 Bd4 52. Bd3 Bd5 53. Bc7 g5 54. Bd8 h6 55. Be4 Bc4 56. Bc7 Be2 57. Bd6 Kf7 58. Kg3 Kg7 59. f4 gxf4+ 60. Kxf4 Bc4 61. Bc6 Bf7 62. Bd7 Bf6 63. Kg3 Bc3 64. Kf4 1/2-1/2

[Event "Montecatini Terme op"]
[Site "Montecatini Terme"]
[Date "2011.08.06"]
[Round "8"]
[White "Spornberger, Andre"]
[Black "Contin, Daniel"]
[Result "0-1"]
[WhiteElo "1897"]
[BlackElo "2319"]
[PlyCount "82"]
[EventDate "2011.07.31"]
[EventType "swiss"]
[EventRounds "9"]
[EventCountry "ITA"]
[SourceTitle "CBM 143 Extra"]
[Source "ChessBase"]
[SourceDate "2011.08.29"]
[SourceVersion "1"]
[SourceVersionDate "2011.08.29"]
[SourceQuality "1"]

1. e4 c5 2. Nc3 Nc6 3. f4 g6 4. Nf3 Bg7 5. Bb5 d6 6. Bxc6+ bxc6 7. d3 Rb8 8. 0-0 Qb6 9. Kh1 Nf6 10. Qe1 Nd7 11. h3 Qa5 12. Bd2 Rxb2 13. Nd1 Rb4 14. Bxb4 cxb4 15. Rb1 c5 16. Ne3 Qxa2 17. Qf2 Qa5 18. Nc4 Qc7 19. e5 0-0 20. exd6 exd6 21. Qg3 Nb6 22. Nxb6 Qxb6 23. Qh4 a5 24. g4 Qd8 25. Qg3 a4 26. Nd2 Bb7+ 27. Kh2 a3 28. Nb3 Re8 29. Rbe1 Bc3 30. Rxe8+ Qxe8 31. Qf2 Qe6 32. Kg3 Bd5 33. Na1 h6 34. g5 hxg5 35. Kh2 gxf4 36. Qh4 Bxa1 37. Re1 Qxe1 38. Qxe1 Bc3 39. Qe8+ Kg7 40. h4 a2 41. h5 a1Q 0-1

[Event "Robecchetto op-B 20th"]
[Site "Robecchetto"]
[Date "2009.12.28"]
[Round "3"]
[White "Nastasi, Ivano"]
[Black "Spornberger, Andre"]
[Result "1-0"]
[WhiteElo "1722"]
[BlackElo "1777"]
[PlyCount "95"]
[EventDate "2009.12.27"]
[EventType "swiss"]
[EventRounds "6"]
[EventCountry "ITA"]
[SourceTitle "EXT 2023"]
[Source "ChessBase"]
[SourceDate "2022.10.05"]
[SourceVersion "1"]
[SourceVersionDate "2022.10.05"]
[SourceQuality "1"]

1. d4 g6 2. c4 Bg7 3. Nf3 Nf6 4. e4 d6 5. Nc3 0-0 6. Be2 e5 7. Bg5 h6 8. Bh4 Nc6 9. dxe5 dxe5 10. Qxd8 Rxd8 11. Bxf6 Bxf6 12. Nd5 Bg7 13. Nxc7 Rb8 14. Nd5 Be6 15. 0-0 f5 16. Bd3 Bxd5 17. cxd5 Nb4 18. Bb1 Nxd5 19. exf5 g5 20. Be4 Nf4 21. g3 Ne2+ 22. Kg2 Nd4 23. Rad1 b6 24. Nxd4 exd4 25. Bd3 b5 26. b3 a6 27. Rfe1 Rd6 28. Rc1 Rbd8 29. Re2 Bf6 30. Rec2 R8d7 31. Rc6 Kf7 32. Kf1 Be5 33. R1c5 Rxc6 34. Rxc6 Rd6 35. Rc2 Rd7 36. Kg2 Rc7 37. Rxc7+ Bxc7 38. Kf3 Kf6 39. Ke4 Bd8 40. h3 Be7 41. g4 Bd6 42. Kxd4 Be7 43. Kd5 Ba3 44. f3 b4 45. Bxa6 Bb2 46. Bc4 Ba3 47. Ke4 Bc1 48. a4 1-0